| 000 | 00889nas a2200277 4500 | ||
|---|---|---|---|
| 001 | BR2015006979 | ||
| 003 | BR-BrBNA | ||
| 005 | 20231205130021.0 | ||
| 007 | ta | ||
| 008 | 230509b bl.|||p| |||| 00| 00por d | ||
| 040 |
_aBR-BrBNA _bpor _cBiblioteca Nacional de Agricultura |
||
| 041 | _a(En) | ||
| 072 | _aL50 | ||
| 100 | 1 | _aBagchi, S. | |
| 100 | 1 | _aDeshpande, S.B. | |
| 245 | 1 | _aScorpion (Buthus tamulus)venom toxicity on cardiopulmonary reflexes involves kinins via 5-HT3 receptor subtypes | |
| 650 | _aESCORPIAO | ||
| 650 | _aVENENO | ||
| 650 | _aBIOQUIMICA ANIMAL | ||
| 650 | _aTOXINA | ||
| 650 | _aNEUTRALIZACAO | ||
| 773 | 0 |
_tJournal of Venomous Animals and Toxins (Brazil) _xISSN 1678-4936 _g(2001), v. 7(1) p. 25-44 _wBR2015006979 |
|
| 856 | 4 | 0 | _uhttp://dx.doi.org/10.1590/S0104-79302001000100003 |
| 909 |
_a202311 _bLúcia _c55 _dLúcia Elande |
||
| 942 |
_2AGRIS _n0 _cANA |
||
| 999 |
_c247452 _d247452 |
||